000 00767nam a2200217 a 4500
001 22544
003 CO-ViMGA
008 141112s2004 ck r 000 u spa d
040 _aCO-ViMGA
_bspa
_cCO-ViMGA
082 0 4 _a752 G817c
100 1 _aGuasch Gemma, Asunción Josep,
_932024
245 1 0 _aColor :
_bpintura creativa
260 _aBarcelona :
_bParramón,
_c2004
300 _a159
490 _aPintura Creativa
505 _aEl color en el lenguaje pictórico 6 - 20 - - El color de la naturaleza 22 - 40 - - El color del bodegón 48 - 66
590 _aForma de adquisición : Compra - - Precio : 78.000 - - Proveedor : Dismet - - Fecha de adquisición : 2008
650 1 4 _aCOLOR EN EL ARTE
_921925
650 1 4 _aPINTURA - TECNíCAS
942 _2ddc
_cBK
999 _c30845
_d30845